| 000 | 00000nam##2200000za#4500 |
| 001 | 9.644002 |
| 003 | CaOODSP |
| 005 | 20250910142445 |
| 007 | cr ||||||||||| |
| 008 | 150407|2012||||xxc|||||o f|0| 0 fre|d |
| 040 | |aCaOODSP|bfre |
| 043 | |an-cn--- |
| 086 | 1 |aD2-339/2012F-PDF |
| 110 | 1 |aCanada. |bMinistère de la défense nationale. |
| 245 | 10|aPrendre soin des nôtres : |h[ressource électronique]|bune démarche globale pour les soins du personnel malade et blessé des FC et leurs familles |
| 260 | |aOttawa - Ontario : |bDéfense nationale |c[2012]. |
| 500 | |a« Récupération, réadaptation, réintégration »--Couverture. |
| 590 | |a14-20-Supp|b2014-11-25 |
| 691 | 07|aBlessure|2gcpds |
| 691 | 07|aPersonnel militaire|2gcpds |
| 691 | 07|aSanté|2gcpds |
| 775 | 08|tCaring for our own : |w(CaOODSP)9.700070 |
| 856 | 40|ahttp://publications.gc.ca|qPDF|s6.43 Mo|uhttps://publications.gc.ca/collections/collection_2014/mdn-dnd/D2-339-2012-fra.pdf |